00325nam a2200121Ia 4500008004100000041000800041082001400049100001800063245004500081260003500126300003000161365001200191240624s9999 xx 000 0 und d aeng a332.6 AUB aAUBREY THOMAS aPROFITING FROM MONETARY POLICY INVESTING c2013aNew DelhibPan Macmillan axi, : 215 : p. : cm. ; 23 cBPSb38